|
|
|
|
| LEADER |
00000nam a2200000Ii 4500 |
| 001 |
DIGLINK00710 |
| 003 |
NyNyDIG |
| 006 |
m o d |
| 007 |
cr ||||||||||| |
| 008 |
140201s2011 sp o 000 0 spa d |
| 020 |
|
|
|a 9788496428775
|q (eBook)
|
| 020 |
|
|
|z 9788498160086
|
| 040 |
|
|
|a DGITA
|b eng
|e pn
|c DGITA
|
| 050 |
1 |
4 |
|a F2235.4 eBook
|
| 100 |
1 |
|
|a San Martín, José de,
|d 1778-1850.
|
| 245 |
1 |
0 |
|a Antología /
|c José de San Martín.
|
| 264 |
|
1 |
|a Barcelona :
|b www.Linkgua.com,
|c 2011.
|
| 300 |
|
|
|a 1 online resource (32 pages)
|
| 336 |
|
|
|a text
|b txt
|2 rdacontent
|
| 337 |
|
|
|a computer
|b c
|2 rdamedia
|
| 338 |
|
|
|a online resource
|b cr
|2 rdacarrier
|
| 490 |
1 |
|
|a Memoria.
|
| 505 |
0 |
|
|a Parte del coronel de granaderos a caballo don José de San Martín al Superior Gobierno -- Extraordinaria de Buenos Aires del jueves 20 de febrero de 1817 -- Lima, 29 de agosto de 1821. -- Señor don José de Sandacsacmi -- Carta del presidente del Perú, gran mariscal don Ramón Castilla al general don José de San Martín -- Testamento de José de San Martín.
|
| 600 |
1 |
0 |
|a San Martín, José de,
|d 1778-1850.
|
| 655 |
|
0 |
|a Electronic books.
|
| 791 |
2 |
|
|a Digitalia (Firm),
|e distributor.
|
| 830 |
|
0 |
|a Memoria (Linkgua Ediciones)
|
| 793 |
0 |
|
|g Digitalia eBook Collection:
|a Linkgua.
|
| 856 |
4 |
0 |
|3 Digitalia Hispánica
|u https://www.digitaliapublishing.com/a/9978/
|
| 910 |
|
|
|a Premium Collection: 2007-2012
|